000 00263nam a22001217a 4500
082 _a823
_bTHO/T
100 _aTHOMAS, VERNON
245 _aTALES OF THE OTHER LANDS
260 _aBOMBAY
_bB-Y-S
_c1994
300 _a94
650 _aENGLISH STORY
_zINDIA
942 _cBK
999 _c7374
_d7374